Profil firmy Zaklady Azotowe - výroba plastov, chemikálií a minerálnych priemyselných hnojív.

Gespeichert in:
Bibliographische Detailangaben
Körperschaft: ZAKLADY AZOTOWE W TARNOWIE-MOSCICACH S.A. (Tarnów )
Format: Buch
Sprache:Polnisch
Veröffentlicht: [S.l.] : [s.n.] 2005
Online-Zugang: Volltext
Tags: Tag hinzufügen
Keine Tags, Fügen Sie den ersten Tag hinzu!

MARC

LEADER 00000nam a2200000 4500
003 SK-BrCVT
005 20220617212309.0
008 050912s2005 pl e ||||||pol d
035 |a CVTIDW1337602 
040 |b slo  |a CVTI SR  |e AACR2 
041 0 |a pol 
044 |a pl 
080 |a 06  |2 UDC-MRF 
110 2 |a ZAKLADY AZOTOWE W TARNOWIE-MOSCICACH S.A. (Tarnów ) 
245 1 0 |a Profil firmy Zaklady Azotowe - výroba plastov, chemikálií a minerálnych priemyselných hnojív. 
260 |c 2005  |a [S.l.] :  |b [s.n.] 
300 |a 18 s. 
910 |b F022863 
959 |a 0100 
974 |f Firemná literatúra 
992 |a FFP 
999 |c 130865  |d 130865